Abusos y admoniciones: ética y escritura en la narrativa hispanoamericana moderna

Zapisane w:
Opis bibliograficzny
1. autor: González, Aníbal (Autor)
Format: Książka
Język:hiszpański
Wydane: Ciudad de México Siglo XXI 2001
Wydanie:1a. ed
Seria:Lingüistica y Teoría Literaria
Hasła przedmiotowe:
Etykiety: Dodaj etykietę
Nie ma etykietki, Dołącz pierwszą etykiete!

MARC

LEADER 00000nam a2200000 a 4500
001 UCG4125
003 CL-VaPUC
008 101007e20010000MX |||||||||||||||||spa|d
020 |a 9682322790 
082 0 4 |a 860  |b GON  |2 21 
100 |a González, Aníbal  |e author  |9 553433 
245 1 0 |a Abusos y admoniciones: ética y escritura en la narrativa hispanoamericana moderna 
250 |a 1a. ed 
300 |a 205 p 
942 |c BK 
945 |d 20101007 00:00:00  |a mfarfan 
260 |a Ciudad de México  |b Siglo XXI  |c 2001 
650 0 |a Crítica e interpretación   |9 255042 
650 0 |a Literatura hispanoamericana  |9 269097 
650 0 |a Ética  |9 255099 
583 |a last modification  |c 20101007 00:00:00  |k Rodrigo Vera 
490 0 |a Lingüistica y Teoría Literaria 
999 |c 342978  |d 342976 
952 |0 0  |1 0  |4 0  |6 860_000000000000000_GON_2001  |7 0  |8 A  |9 439766  |a BIBEDU  |b BIBEDU  |d 2019-11-22  |i 4724887  |o 860 GON 2001  |p 4724887  |r 2019-11-22  |w 2019-11-22  |y BK  |k LIT